London : Then and now

Bibliographic Details
Main Author: Burstein Diane
Format: Book
Published: San Diego : Thunder Bay Press , 2003
Subjects:

MARC

LEADER 00000cam a2200000 7i4500
001 0000015527
005 20080328.0
008 280308
020 |a 1571459847 
090 0 0 |a 942.022   |b BUR 
100 1 |a Burstein Diane 
245 1 0 |a London :   |b Then and now   |c Diane Burstein 
260 |a San Diego :   |b Thunder Bay Press ,   |c 2003 
650 0 |a London (England)   |x History   |x Pictorial works 
650 0 |a London (England)   |x Pictorial works 
999 |a 0001016842   |b Book   |c Adult Collection   |e Perbadanan Perpustakaan Awam Johor 
999 |a 0001016843   |b Book   |c REFERENCE   |e Perbadanan Perpustakaan Awam Johor